01050nam a2200325 a 4500003000900000005001700009008004100026020001800067040001300085100003000098245008600128260003000214300003000244490003300274504003000307650003100337650001800368650002800386650002700414650002800441650002800469650002800497650002200525650001600547650003300563650002900596653002800625653003100653800004000684AR-BaBNM20251128204314.0082120s2002 ||||||||||||||000 | spa|| a950-755-082-8 cAR-BaBNM1 aPérez Alvárez, Sergio00aAbordaje grupal y encuadre sistemático en el gabinete psicopedagógico escolar aBuenos AiresbBragac1993 a103 p.bgráfs., cuadros 0aDidáctica operativavv. 30 aBibliografía: p. 97-103 4aPSICOLOGIA DE LA EDUCACION 4aPSICOANALISIS 4aTEORIAS DEL APRENDIZAJE 4aMETODOS DE ENSEÑANZA 4aTECNICAS DE ENSEÑANZA 4aDIAGNOSTICO EDUCACIONAL 4aPROYECTOS EDUCACIONALES 4aDINAMICA DE GRUPO 4aENTREVISTAS 4aORGANIZACION DE LA EDUCACION 4aINFORME DE INVESTIGACION aINVESTIGACION EDUCATIVA aGABINETES PSICOPEDAGOGICOS1 aPérez Alvárez, Sergioedirector